Carregant...

Doctor akathundu

Dades bibliogràfiques
Autor principal: Kunhabdulla, Punathil
Format: Printed Book
Publicat: Kottayam, Current Books 1993
Matèries:
LEADER 005430000a22001930004500
020 |a 81-240-0055-7 
022 |a 06-07-2004 
041 |a Malayalam 
082 |a 928.948 12 N3 
100 |a Kunhabdulla, Punathil 
245 |a Doctor akathundu 
260 |a Kottayam, Current Books 
260 |c 1993 
465 |a R 18 
650 |a Malayalam literature 
650 |a Memoirs 
942 |c BK 
999 |c 143733  |d 143729 
952 |0 0  |1 0  |4 0  |6 928_948000000000000_12_N3  |7 0  |9 142513  |a SCC  |b SCC  |d 2017-10-11  |l 0  |o 928.948 12 N3  |p SCC07160  |r 2017-10-11  |w 2017-10-11  |y BK